[Event "33rd Rilton Cup"]
[Site "Stockholm SWE"]
[Date "2004.01.05"]
[Round "9.66"]
[White "Isaksson, Per"]
[Black "Kulagin, Maxim"]
[Result "1-0"]
[WhiteElo "2085"]
[BlackElo "2056"]
[EventDate "2003.12.27"]
[PlyCount "53"]

1.d4 Nf6 2.c4 c5 3.d5 b5 4.Nf3 bxc4 5.Nc3 d6 6.e4 g6 7.Bxc4 Bg7 8.O-O O-O 
9.e5 dxe5 10.Nxe5 Bb7 11.Re1 Nbd7 12.Nxf7 Rxf7 13.d6 exd6 14.Bxf7+ Kxf7 
15.Qb3+ d5 16.Qxb7 Rb8 17.Qa6 Rb6 18.Qe2 h6 19.Bf4 g5 20.Bg3 Kg8 21.Rad1 
d4 22.Na4 Rb4 23.b3 Qa5 24.Qe6+ Kh8 25.Bd6 Rb5 26.Qf7 Nb6 27.Re7 1-0